[Event "28th Hoogeveen op"]
[Site "Hoogeveen NED"]
[Date "2025.10.25"]
[Round "9.10"]
[White "Schuricht, Emil Frederick"]
[Black "Li, Hewei"]
[Result "1-0"]
[WhiteElo "2294"]
[BlackElo "2022"]
[EventDate "2025.10.18"]
[PlyCount "77"]

1.Nf3 d5 2.g3 c6 3.Bg2 Bg4 4.O-O Nf6 5.Ne5 Bf5 6.c4 e6 7.b3 Nbd7 8.Bb2 
Nxe5 9.Bxe5 Be7 10.Bb2 O-O 11.d4 b5 12.c5 a5 13.a4 b4 14.Nd2 Rc8 15.Rc1 
Nd7 16.Re1 Bg6 17.h4 f5 18.e3 Nf6 19.Qe2 Bh5 20.f3 Ne4 21.Nxe4 fxe4 22.g4 
exf3 23.Bxf3 Qc7 24.gxh5 Qg3+ 25.Bg2 Bd8 26.e4 dxe4 27.Qe3 Qxh4 28.Qxe4 
Qf2+ 29.Kh1 Bc7 30.Re2 Qg3 31.Qxe6+ Kh8 32.Qh3 Qg5 33.h6 Rf5 34.hxg7+ Kg8 
35.Rf2 Bf4 36.Rxf4 Rxf4 37.Qxc8+ Kxg7 38.d5+ Kg6 39.Qg8+ 1-0

[Event "28th Hoogeveen op"]
[Site "Hoogeveen NED"]
[Date "2025.10.25"]
[Round "9.11"]
[White "Mostertman, Milan"]
[Black "Labruyere, Roger"]
[Result "1-0"]
[WhiteElo "2236"]
[BlackElo "2205"]
[EventDate "2025.10.18"]
[PlyCount "81"]

1.e4 c5 2.Nf3 d6 3.d4 cxd4 4.Nxd4 Nf6 5.Nc3 a6 6.Be3 e5 7.Nf3 Be7 8.Nd2 b5
9.a4 b4 10.Nd5 Nxd5 11.exd5 Bg5 12.Bxg5 Qxg5 13.Nc4 Qd8 14.a5 O-O 15.Qd2 
b3 16.cxb3 Nd7 17.b4 Qe7 18.Be2 f5 19.O-O Rb8 20.f4 exf4 21.Rxf4 Nf6 22.
Nb6 Re8 23.Bd3 g6 24.b5 Ne4 25.Qe3 Nc5 26.Qxe7 Rxe7 27.Bf1 axb5 28.b4 Nb3 
29.Rd1 Re4 30.Rxe4 fxe4 31.Nxc8 Rxc8 32.Bxb5 e3 33.Bc6 Nd2 34.Re1 Rf8 35.
h3 Nc4 36.a6 Rf7 37.Bb7 Nb6 38.Rxe3 Rc7 39.Re6 Rd7 40.Bc6 Ra7 41.Bb7 1-0

[Event "28th Hoogeveen op"]
[Site "Hoogeveen NED"]
[Date "2025.10.25"]
[Round "9.12"]
[White "Grooten, Tommy"]
[Black "De Jong, Lode"]
[Result "1-0"]
[WhiteElo "2160"]
[BlackElo "1986"]
[EventDate "2025.10.18"]
[PlyCount "91"]

1.Nf3 d5 2.g3 Nf6 3.Bg2 Bf5 4.c4 c6 5.d4 h6 6.Qb3 Qb6 7.c5 Qxb3 8.axb3 e6 
9.Nc3 Be7 10.h3 Bh7 11.Bf4 O-O 12.g4 g5 13.Bc1 Nbd7 14.h4 Ne4 15.hxg5 hxg5
16.Be3 b6 17.O-O-O bxc5 18.Rh2 f6 19.Rdh1 Bg6 20.dxc5 Bxc5 21.Nxe4 Bxe4 
22.Bxc5 Nxc5 23.Nd4 Bg6 24.b4 Ne4 25.Bxe4 Bxe4 26.f3 Bg6 27.Nxe6 Rfc8 28.
Nc7 Rab8 29.Na6 Ra8 30.Nc7 Rab8 31.Na6 Ra8 32.Kd2 Kf7 33.Rc1 d4 34.Rhh1 
Rh8 35.Rxh8 Rxh8 36.Rxc6 Rh2 37.Nc5 Rh1 38.Rc7+ Ke8 39.Rxa7 Rb1 40.Nd3 
Bxd3 41.Kxd3 Rxb2 42.Rb7 Kf8 43.b5 Kg8 44.b6 Kf8 45.Kxd4 Rxe2 46.Rc7 1-0

[Event "28th Hoogeveen op"]
[Site "Hoogeveen NED"]
[Date "2025.10.25"]
[Round "9.13"]
[White "De Wit, Evan"]
[Black "Mijnheer, Peter"]
[Result "1-0"]
[WhiteElo "2069"]
[BlackElo "2104"]
[EventDate "2025.10.18"]
[PlyCount "91"]

1.d4 e6 2.Nf3 d5 3.e3 Nf6 4.Bd3 c5 5.c3 Nc6 6.O-O Qc7 7.Nbd2 Bd7 8.a3 h6 
9.Qe2 Bd6 10.dxc5 Bxc5 11.b4 Be7 12.Bb2 O-O 13.Rac1 a5 14.Rfd1 Rfd8 15.e4 
Bd6 16.g3 dxe4 17.Nxe4 Nxe4 18.Bxe4 Rac8 19.c4 axb4 20.c5 Bf8 21.axb4 Nxb4
22.Be5 Qa5 23.Bxb7 Bb5 24.Qb2 Rxd1+ 25.Rxd1 Rxc5 26.Bc3 Qc7 27.Bxb4 Rc2 
28.Qb3 Be2 29.Re1 Qxb7 30.Qxc2 Bxf3 31.Bxf8 Kxf8 32.Rc1 Be4 33.Qc8+ Qxc8 
34.Rxc8+ Ke7 35.Rc7+ Kf6 36.Kf1 h5 37.h4 Kg6 38.Ke2 f5 39.Ke3 Kf6 40.f4 e5
41.fxe5+ Kxe5 42.Rxg7 Bc2 43.Ra7 Bd1 44.Ra5+ Kf6 45.Kf4 Bg4 46.Ra6+ 1-0

[Event "28th Hoogeveen op"]
[Site "Hoogeveen NED"]
[Date "2025.10.25"]
[Round "9.14"]
[White "Xue, Luka"]
[Black "Stefan, Iulia-Cristiana"]
[Result "0-1"]
[WhiteElo "2031"]
[BlackElo "1997"]
[EventDate "2025.10.18"]
[PlyCount "60"]

1.d4 d5 2.c4 e6 3.Nc3 Nf6 4.cxd5 exd5 5.Bg5 Be7 6.e3 h6 7.Bh4 Bg4 8.Qc2 
O-O 9.Bd3 c5 10.h3 Bh5 11.Nge2 Nc6 12.a3 Bxe2 13.Nxe2 cxd4 14.exd4 Qa5+ 
15.Kf1 Rfe8 16.g4 Ne4 17.Bxe7 Rxe7 18.Kg2 Qb6 19.Rad1 Rae8 20.Rhe1 Nf6 21.
Rf1 Rxe2 22.Bxe2 Nxd4 23.Qd2 Nxe2 24.Rfe1 Qe6 25.f3 Qe5 26.f4 Nxf4+ 27.Kf3
Ne4 28.Qxf4 Qxb2 29.Re2 Ng5+ 30.Qxg5 Qxe2+ 0-1

[Event "28th Hoogeveen op"]
[Site "Hoogeveen NED"]
[Date "2025.10.25"]
[Round "9.15"]
[White "Grooten, Herman"]
[Black "Lind, Jacco"]
[Result "1-0"]
[WhiteElo "2183"]
[BlackElo "2045"]
[EventDate "2025.10.18"]
[PlyCount "49"]

1.d4 Nf6 2.c4 g6 3.Nc3 d5 4.Nf3 Bg7 5.Bg5 Ne4 6.Bh4 Nxc3 7.bxc3 dxc4 8.e3 
b5 9.a4 c6 10.Nd2 a6 11.Be2 Bb7 12.Qb1 Nd7 13.Nxc4 Nf6 14.Nd2 O-O 15.O-O 
Nd5 16.Ne4 Qc7 17.Rc1 bxa4 18.Rxa4 a5 19.Nc5 Rfb8 20.Qa2 Bc8 21.Nd3 Nb6 
22.Bg3 e5 23.Rxa5 Rxa5 24.Qxa5 Ra8 25.Bxe5 1-0

[Event "28th Hoogeveen op"]
[Site "Hoogeveen NED"]
[Date "2025.10.25"]
[Round "9.16"]
[White "Riechenberg, Sebastian"]
[Black "Albin, Sajan"]
[Result "1/2-1/2"]
[WhiteElo "2073"]
[BlackElo "2101"]
[EventDate "2025.10.18"]
[PlyCount "33"]

1.d4 d5 2.Nf3 Nf6 3.g3 e6 4.c4 Be7 5.Bg2 O-O 6.O-O c6 7.Qc2 Nbd7 8.b3 b6 
9.Bb2 Bb7 10.Nbd2 Rc8 11.e4 dxe4 12.Nxe4 Qc7 13.Nxf6+ Nxf6 14.Rfd1 Rfd8 
15.c5 Nd5 16.Rac1 Bf6 17.Qe2 1/2-1/2

[Event "28th Hoogeveen op"]
[Site "Hoogeveen NED"]
[Date "2025.10.25"]
[Round "9.17"]
[White "Van Veelen, Thomas"]
[Black "Westerlaan, Sander"]
[Result "1-0"]
[WhiteElo "2081"]
[BlackElo "2034"]
[EventDate "2025.10.18"]
[PlyCount "51"]

1.d4 Nf6 2.c4 e6 3.Nc3 d5 4.cxd5 exd5 5.Bg5 c6 6.e3 Bd6 7.Bd3 O-O 8.Qc2 h6
9.Bh4 Re8 10.Nge2 Nbd7 11.h3 b5 12.O-O b4 13.Na4 Bb7 14.Ng3 Qa5 15.Nf5 Bf8
16.Rac1 g6 17.Bxf6 Nxf6 18.Nh4 Nd7 19.Bxg6 fxg6 20.Qxg6+ Kh8 21.Qf7 Bg7 
22.Qxd7 Ba6 23.Nf5 Rg8 24.Nxg7 Bb5 25.Nf5 Qxa4 26.Qe6 1-0

[Event "28th Hoogeveen op"]
[Site "Hoogeveen NED"]
[Date "2025.10.25"]
[Round "9.18"]
[White "Odenthal, Aidan"]
[Black "Aravindhan, Achyuth"]
[Result "0-1"]
[WhiteElo "2045"]
[BlackElo "2144"]
[EventDate "2025.10.18"]
[PlyCount "90"]

1.d4 d5 2.c4 dxc4 3.e4 e5 4.Nf3 Bb4+ 5.Nc3 exd4 6.Nxd4 Nd7 7.Bxc4 Ngf6 8.
O-O O-O 9.f3 Qe7 10.Be3 Ne5 11.Be2 Rd8 12.Qc1 Bc5 13.Rd1 a6 14.Nb3 Rxd1+ 
15.Nxd1 Bxe3+ 16.Nxe3 Ng6 17.Qc5 Qxc5 18.Nxc5 b6 19.Nd3 Bb7 20.Rc1 Ne8 21.
Nb4 Nf4 22.Kf2 c5 23.Nd3 Nxd3+ 24.Bxd3 Rc8 25.a4 g6 26.Nc4 Rc6 27.g4 h6 
28.h4 Kg7 29.b3 Re6 30.Ne3 Rd6 31.Ke2 Nc7 32.Nc4 Rc6 33.a5 b5 34.Ne5 Rd6 
35.Rxc5 Ne6 36.Rc1 Kf6 37.Ke3 Kxe5 38.f4+ Nxf4 39.Rc5+ Ke6 40.Bxb5 Ng2+ 
41.Kf3 Nxh4+ 42.Kg3 axb5 43.Kxh4 Rd3 44.g5 h5 45.a6 Bxe4 0-1

[Event "28th Hoogeveen op"]
[Site "Hoogeveen NED"]
[Date "2025.10.25"]
[Round "9.19"]
[White "Van de Pavoordt, Max"]
[Black "Weidenhoefer, Max"]
[Result "1-0"]
[WhiteElo "2098"]
[BlackElo "2205"]
[EventDate "2025.10.18"]
[PlyCount "89"]

1.e4 c6 2.d4 d5 3.Nc3 dxe4 4.Nxe4 Nf6 5.Nxf6+ exf6 6.c3 Bd6 7.Bd3 O-O 8.
Ne2 Re8 9.Qc2 h6 10.Be3 Nd7 11.O-O-O Nf8 12.Kb1 Be6 13.c4 Rc8 14.a3 Ng6 
15.h4 b5 16.c5 Bf8 17.Nc3 Ne7 18.Bh7+ Kh8 19.Be4 Nd5 20.Bc1 a5 21.Nxd5 
Bxd5 22.f3 a4 23.Rde1 Qd7 24.Qc3 f5 25.Bc2 Be6 26.Bxh6 gxh6 27.d5+ Bg7 28.
dxe6 fxe6 29.Qb4 Qf7 30.g4 Red8 31.Rd1 Qf6 32.g5 Rxd1+ 33.Bxd1 Qe7 34.Re1 
Rd8 35.Bc2 Rd5 36.Qf4 hxg5 37.hxg5 Qf7 38.Qb8+ Bf8 39.Qc8 Rxc5 40.Rxe6 Kg8
41.Rf6 Qe7 42.Bxf5 Kg7 43.Re6 Qf7 44.Rg6+ Kh8 45.Rh6+ 1-0

[Event "28th Hoogeveen op"]
[Site "Hoogeveen NED"]
[Date "2025.10.25"]
[Round "9.20"]
[White "Kazarjan, Gachatur"]
[Black "Baarspul, Bram"]
[Result "1-0"]
[WhiteElo "2192"]
[BlackElo "1894"]
[EventDate "2025.10.18"]
[PlyCount "71"]

1.e4 c5 2.a3 e6 3.b4 b6 4.bxc5 bxc5 5.Nc3 Nc6 6.Nf3 Bb7 7.Bc4 d6 8.O-O g6 
9.Rb1 Rb8 10.d4 Bg7 11.Ne2 cxd4 12.Nexd4 Nge7 13.Nb5 Nc8 14.Bf4 Ne5 15.
Nxe5 dxe5 16.Qxd8+ Kxd8 17.Bg5+ f6 18.Be3 Bxe4 19.Bxe6 Ke7 20.Bc4 Bxc2 21.
Rbc1 Ba4 22.Bc5+ Kd7 23.Nc3 Bb3 24.Bb5+ Kc7 25.Bb4 Bh6 26.Rb1 Be6 27.Ba6 
Rd8 28.Ba5+ Nb6 29.Nb5+ Kd7 30.Nxa7 Kc7 31.Rb2 Rd5 32.Rc2+ Kd7 33.Bb4 Bf5 
34.Rc6 Be6 35.Bb5 Rxb5 36.Rd6+ 1-0

[Event "28th Hoogeveen op"]
[Site "Hoogeveen NED"]
[Date "2025.10.25"]
[Round "9.21"]
[White "Edwardss, Dylan"]
[Black "Van der Lubben, Arno"]
[Result "1-0"]
[WhiteElo "2137"]
[BlackElo "2005"]
[EventDate "2025.10.18"]
[PlyCount "81"]

1.Nf3 d5 2.b3 c5 3.e3 f6 4.d4 cxd4 5.exd4 e6 6.Bd3 Bd6 7.O-O Ne7 8.Re1 
Nbc6 9.Bb2 Ng6 10.g3 Nce7 11.c4 Kf7 12.Nc3 b6 13.Qe2 Qd7 14.h4 h5 15.Nb5 
Bb4 16.Rec1 a6 17.a3 axb5 18.axb4 Rxa1 19.Rxa1 bxc4 20.bxc4 dxc4 21.Bxc4 
Bb7 22.Ra7 Ra8 23.Rxb7 Qxb7 24.Qxe6+ Ke8 25.Qf7+ Kd8 26.d5 Qd7 27.Qxg7 Kc7
28.Nd4 Ne5 29.Bb5 Rg8 30.Qh7 Qd6 31.Nf5 Nf3+ 32.Kf1 Qxb4 33.Qxe7+ Qxe7 34.
Nxe7 Rf8 35.Nf5 Ra8 36.d6+ Kb7 37.Bxf6 Nd2+ 38.Kg2 Ne4 39.Be7 Nc5 40.d7 
Ne6 41.Bc4 1-0

[Event "28th Hoogeveen op"]
[Site "Hoogeveen NED"]
[Date "2025.10.25"]
[Round "9.22"]
[White "Boeren, Jurriaan"]
[Black "Gerrits, Augustin"]
[Result "0-1"]
[WhiteElo "2112"]
[BlackElo "2074"]
[EventDate "2025.10.18"]
[PlyCount "81"]

1.e4 e5 2.Nf3 Nc6 3.Bb5 a6 4.Ba4 Nf6 5.O-O Be7 6.Re1 b5 7.Bb3 d6 8.a4 b4 
9.d4 O-O 10.dxe5 Nxe5 11.Bf4 Ng6 12.Bg3 Nd7 13.Bd5 Ra7 14.Nd4 Nb8 15.Nd2 
Bf6 16.Nc4 Ne7 17.Ne3 c5 18.Ne2 Bxb2 19.Rb1 Be5 20.Bh4 g6 21.f4 Bg7 22.f5 
Nd7 23.Ng4 Ne5 24.Nxe5 Bxe5 25.Qd2 Qd7 26.Bc4 gxf5 27.Qg5+ Kh8 28.Rf1 fxe4
29.Bxf7 Nf5 30.Bd5 Qg7 31.Qxg7+ Kxg7 32.Bg5 Nd4 33.Ng3 Rxf1+ 34.Rxf1 Bxg3 
35.Bf6+ Kh6 36.hxg3 Bb7 37.Bxb7 Rxb7 38.Bxd4 cxd4 39.Rf6+ Kg5 40.Rxd6 d3 
41.Rc6 0-1

[Event "28th Hoogeveen op"]
[Site "Hoogeveen NED"]
[Date "2025.10.25"]
[Round "9.23"]
[White "Bakija, Alan"]
[Black "Kamphuis, Jasper"]
[Result "0-1"]
[WhiteElo "2082"]
[BlackElo "2104"]
[EventDate "2025.10.18"]
[PlyCount "128"]

1.Nc3 e5 2.Nf3 Nc6 3.d4 exd4 4.Nxd4 Bc5 5.Nf5 g6 6.Ne3 Nce7 7.Na4 Bb4+ 8.
c3 Bd6 9.Qd4 f6 10.Nc5 Be5 11.Qa4 c6 12.h4 d5 13.h5 g5 14.Bd2 b5 15.Qc2 f5
16.g3 Nf6 17.O-O-O Bd6 18.Nb3 f4 19.gxf4 gxf4 20.Nxd5 Nfxd5 21.e4 fxe3 22.
Bxe3 Bf5 23.Bd3 Qd7 24.Nd4 Bxd3 25.Qxd3 O-O-O 26.Rhg1 Nxe3 27.fxe3 Bc5 28.
Rg7 Bxd4 29.Qxd4 Qxd4 30.exd4 Rd7 31.Rf1 Nd5 32.h6 Kd8 33.Rff7 Rxf7 34.
Rxf7 Ne7 35.Kd2 Ke8 36.Rg7 Kf8 37.Kd3 a5 38.Ke4 Ng8 39.Ra7 Nxh6 40.Rxa5 
Kf7 41.Kf4 Ke6 42.Ra6 Kd5 43.b3 Rf8+ 44.Kg5 Nf7+ 45.Kh5 Nd6 46.a4 bxa4 47.
Rxa4 Rf3 48.Ra5+ Ke6 49.Re5+ Kf6 50.Kg4 Rxc3 51.Rh5 Rxb3 52.Rh6+ Ke7 53.
Kf4 Rd3 54.Rxh7+ Ke6 55.Rh5 Rxd4+ 56.Ke3 Rd5 57.Rh6+ Ke5 58.Ke2 c5 59.Rh5+
Kd4 60.Rh4+ Ne4 61.Rg4 c4 62.Kd1 Kc3+ 63.Kc1 Rd1+ 64.Kxd1 Nf2+ 0-1

[Event "28th Hoogeveen op"]
[Site "Hoogeveen NED"]
[Date "2025.10.25"]
[Round "9.24"]
[White "Fikh, Anthony"]
[Black "Valiente, Paulo"]
[Result "1-0"]
[WhiteElo "1942"]
[BlackElo "2017"]
[EventDate "2025.10.18"]
[PlyCount "107"]

1.Nf3 Nf6 2.c4 c5 3.Nc3 Nc6 4.e3 g6 5.d4 cxd4 6.exd4 d6 7.d5 Nb8 8.Be2 Bg7
9.O-O O-O 10.h3 Nbd7 11.Be3 a5 12.Rc1 Nc5 13.b3 Nfe4 14.Nxe4 Nxe4 15.Bd4 
Nc5 16.Bxg7 Kxg7 17.Qd4+ f6 18.Rfe1 Kg8 19.Bf1 Bf5 20.Qe3 Rf7 21.Nd4 Bd7 
22.a3 f5 23.b4 axb4 24.axb4 Ne4 25.c5 Bc8 26.c6 Qb6 27.f3 Nf6 28.Nxf5 
Qxe3+ 29.Nxe3 e6 30.dxe6 Bxe6 31.Ng4 Bxg4 32.hxg4 Kf8 33.Re6 Ne8 34.b5 
bxc6 35.Rxc6 Rb7 36.Rc1 Re7 37.Rxe7 Kxe7 38.Bd3 Rb8 39.Kf2 Kd7 40.Rh1 Nf6 
41.g5 Nh5 42.Ra1 Kc7 43.Ra7+ Rb7 44.Rxb7+ Kxb7 45.Ke3 Kb6 46.Bc4 Ng7 47.g4
Kc5 48.Bg8 Kxb5 49.Bxh7 Ne6 50.Bxg6 Kc5 51.f4 d5 52.Bf7 d4+ 53.Ke4 Ng7 54.
f5 1-0

[Event "28th Hoogeveen op"]
[Site "Hoogeveen NED"]
[Date "2025.10.25"]
[Round "9.25"]
[White "Yekeler, Kerem Sarp"]
[Black "Struik, Marcel"]
[Result "1-0"]
[WhiteElo "2112"]
[BlackElo "1945"]
[EventDate "2025.10.18"]
[PlyCount "69"]

1.e4 c6 2.Nf3 d5 3.Nc3 Bg4 4.Be2 e6 5.h3 Bxf3 6.Bxf3 Nd7 7.d4 g6 8.Qe2 Bg7
9.exd5 cxd5 10.Nxd5 Ne7 11.Nxe7 Qxe7 12.O-O O-O 13.c3 Nf6 14.Qb5 Rad8 15.
Qxb7 Qxb7 16.Bxb7 Rb8 17.Bf3 Nd5 18.Re1 Rfd8 19.Re2 Rb6 20.Bg5 Rdb8 21.
Rae1 h6 22.Bc1 Rd8 23.Bxd5 Rxd5 24.Be3 Rb7 25.c4 Rd8 26.Rd1 a5 27.b3 Rbd7 
28.Red2 Bf8 29.d5 Bb4 30.Rd4 exd5 31.Rxd5 Rxd5 32.Rxd5 Rxd5 33.cxd5 h5 34.
Kf1 Kf8 35.Ke2 1-0

[Event "28th Hoogeveen op"]
[Site "Hoogeveen NED"]
[Date "2025.10.25"]
[Round "9.26"]
[White "Winter, Sven"]
[Black "Timmermans, Raymond"]
[Result "1/2-1/2"]
[WhiteElo "2119"]
[BlackElo "2013"]
[EventDate "2025.10.18"]
[PlyCount "82"]

1.e4 e6 2.d4 d5 3.Nd2 c5 4.Ngf3 cxd4 5.exd5 Qxd5 6.Bc4 Qd6 7.O-O Nf6 8.Nb3
Nc6 9.Nbxd4 Nxd4 10.Nxd4 a6 11.Re1 Qc7 12.Bb3 Bd6 13.Nf5 Bxh2+ 14.Kh1 O-O 
15.Nxg7 Rd8 16.Qf3 Kxg7 17.Bh6+ Kg6 18.c3 Nh5 19.Bc1 Bf4 20.g4 Ng3+ 21.
fxg3 Bxc1 22.Bc2+ Kg7 23.Raxc1 b5 24.Be4 Ra7 25.g5 Bb7 26.Qf6+ Kg8 27.g6 
fxg6 28.Qxe6+ Qf7 29.Qxf7+ Kxf7 30.Rc2 Bxe4+ 31.Rxe4 Rad7 32.Rf2+ Kg7 33.
Re6 Rd2 34.Rxd2 Rxd2 35.Rxa6 Rxb2 36.a4 bxa4 37.Rxa4 Rc2 38.Ra7+ Kh6 39.
Rc7 g5 40.g4 Kg6 41.Rc6+ Kg7 1/2-1/2

[Event "28th Hoogeveen op"]
[Site "Hoogeveen NED"]
[Date "2025.10.25"]
[Round "9.27"]
[White "Van Helvoort, Rob"]
[Black "Safin, Safarullakhan"]
[Result "1/2-1/2"]
[WhiteElo "2095"]
[BlackElo "1915"]
[EventDate "2025.10.18"]
[PlyCount "50"]

1.e4 c5 2.c3 d5 3.exd5 Qxd5 4.Nf3 Nc6 5.Na3 Nf6 6.d4 cxd4 7.Nb5 Qd8 8.
Nbxd4 Nxd4 9.Qxd4 Qxd4 10.Nxd4 a6 11.Be2 e5 12.Nf3 Bd6 13.O-O h6 14.Rd1 
Bc7 15.Be3 O-O 16.Bc5 Re8 17.Bd6 Bxd6 18.Rxd6 Bd7 19.Ne1 Bc6 20.Nc2 a5 21.
f3 Rad8 22.Rad1 Rxd6 23.Rxd6 Nh5 24.g3 f5 25.Kf2 Nf6 1/2-1/2

[Event "28th Hoogeveen op"]
[Site "Hoogeveen NED"]
[Date "2025.10.25"]
[Round "9.28"]
[White "Hoffman, Ron"]
[Black "Xu, Alex"]
[Result "1-0"]
[WhiteElo "2027"]
[BlackElo "2027"]
[EventDate "2025.10.18"]
[PlyCount "67"]

1.c4 e6 2.g3 d5 3.Bg2 Nf6 4.Nf3 Be7 5.O-O O-O 6.b3 c5 7.e3 Nc6 8.Bb2 d4 9.
exd4 cxd4 10.Re1 Re8 11.Na3 Bf8 12.Ne5 Nxe5 13.Rxe5 Bd6 14.Re1 e5 15.d3 
Rb8 16.Nc2 Bf5 17.b4 Nd7 18.c5 Bc7 19.f4 f6 20.Bd5+ Kh8 21.fxe5 Bxe5 22.
Bf7 Nf8 23.Qf3 Bd7 24.Bxe8 Qxe8 25.Bxd4 Bc6 26.Qe2 Qd7 27.Bxe5 Re8 28.Nd4 
Rxe5 29.Qf2 Ne6 30.Nxc6 bxc6 31.Rxe5 fxe5 32.Qe3 Nd4 33.Rf1 Qe7 34.Qxe5 
1-0

[Event "28th Hoogeveen op"]
[Site "Hoogeveen NED"]
[Date "2025.10.25"]
[Round "9.29"]
[White "Gergin, Isafara"]
[Black "Mellema, Andries"]
[Result "0-1"]
[WhiteElo "1984"]
[BlackElo "2142"]
[EventDate "2025.10.18"]
[PlyCount "52"]

1.e4 e6 2.d4 d5 3.Nd2 Nf6 4.e5 Nfd7 5.c3 c5 6.f4 Nc6 7.Ndf3 Be7 8.a3 a5 9.
b3 cxd4 10.cxd4 Qb6 11.h4 Ndb8 12.h5 h6 13.Ne2 Na6 14.g4 Bd7 15.Nc3 Rc8 
16.Bb2 f6 17.Na4 Qa7 18.Qd3 O-O 19.g5 fxg5 20.fxg5 Rxf3 21.Qxf3 Nxd4 22.
Qd3 Nc2+ 23.Ke2 Bb5 24.Kd2 Bxd3 25.Bxd3 Qe3+ 26.Kd1 Qxd3+ 0-1